La Chiesa nel tempo : (Record n. 26095)

Dettagli MARC
000 -LEADER
fixed length control field 00916nam a2200253 i 4500
003 - CONTROL NUMBER IDENTIFIER
control field IT-RoINE
005 - DATE AND TIME OF LATEST TRANSACTION
control field 20200622090058.0
008 - FIXED-LENGTH DATA ELEMENTS--GENERAL INFORMATION
fixed length control field A10218s1979 it |rb 001|| ita d
040 ## - CATALOGING SOURCE
Original cataloging agency DLC.
Transcribing agency IT-RoINE
Modifying agency IT-RoINE
100 1# - MAIN ENTRY--PERSONAL NAME
Personal name Acerbi, Antonio,
9 (RLIN) 45548
Dates associated with a name 1935-2004
245 13 - TITLE STATEMENT
Title La Chiesa nel tempo :
Remainder of title sguardi sui progetti di relazione tra Chiesa e società civile negli ultimi cento anni /
Statement of responsibility, etc Antonio Acerbi.
260 ## - PUBLICATION, DISTRIBUTION, ETC. (IMPRINT)
Place of publication, distribution, etc Milano :
Name of publisher, distributor, etc Vita e Pensiero,
Date of publication, distribution, etc 1979.
300 ## - PHYSICAL DESCRIPTION
Extent VI, 315 p. ;
Dimensions 22 cm.
336 ## - CONTENT TYPE
Source rdacontent
Content type term text
337 ## - MEDIA TYPE
Source rdamedia
Media type term unmediated
338 ## - CARRIER TYPE
Source rdacarrier
Carrier type term volume
490 1# - SERIES STATEMENT
Series statement Scienze religiose ;
Volume number/sequential designation 4
500 ## - GENERAL NOTE
General note Incluye índice.
504 ## - BIBLIOGRAPHY, ETC. NOTE
Bibliography, etc Incluye bibliografía.
610 24 - SUBJECT ADDED ENTRY--CORPORATE NAME
Corporate name or jurisdiction name as entry element Iglesia Católica
General subdivision Historia
Chronological subdivision Siglos 19o.-20o.
9 (RLIN) 51364
650 #4 - SUBJECT ADDED ENTRY--TOPICAL TERM
Topical term or geographic name as entry element Iglesia y el mundo
Chronological subdivision Siglos 19o.-20o.
9 (RLIN) 51689
830 #0 - SERIES ADDED ENTRY--UNIFORM TITLE
9 (RLIN) 51682
Uniform title Scienze religiose (Vita e pensiero)
Number of part/section of a work 4
942 ## - ADDED ENTRY ELEMENTS (KOHA)
Item type Monografías
Dati di copia
Withdrawn status Lost status Damaged status Not for loan Home library Current library Date acquired Total Checkouts Full call number Barcode Date last seen Price effective from Koha item type
        Iglesia Nacional Española en Roma Iglesia Nacional Española en Roma 17/07/2018   HIS.ECL 210 51706 17/07/2018 17/07/2018 Monografías